000 00315nam a22001337a 4500
020 _a81-8482-510-2
082 _a823
_bPAI, T
100 _aPAI, ANANT
245 _aTALES OF VALOUR
260 _aMUMBAI
_bAMAR CHITHA KATHA
520 _aENGLISH SHORT STORIES
650 _aENGLISH SHORT STORIES
_zMUMBAI
942 _cBK
999 _c5254
_d5254